000 00904nas a2200253 4500
001 BR8205989
003 BR-BrBNA
005 20231205085318.0
007 ta
008 230509b bl.|||p| |||| 00| 00por d
040 _aBR-BrBNA
_bpor
_cBiblioteca Nacional de Agricultura
041 _a(Pt)
072 _aF60
100 1 _aFigliolia, M.B.
100 1 _aSilva, A. da
111 1 _aCongresso Nacional sobre Essencias Nativas
_cCampos de Jordao, SP (Brazil)
_d12 Sep 1982
245 1 _aGerminacao de sementes beneficiadas e nao beneficiadas de Peltophorum dubium (Spreng.)Taubert. em laboratorio e viveiro sob tratamentos pre-germinativos [ibira]
650 _aIBIRA
650 _aSEMENTE
650 _aGERMINACAO
773 0 _tSilvicultura em Sao Paulo (Brazil)
_xISSN 0583-3132
_g(1982), v. 16-A(pt. 2) p. 908-916
_wBR8205989
909 _a202311
_bLúcia
_c55
_dLúcia Elande
942 _2AGRIS
_n0
_cANA
999 _c110659
_d110659